Statistics for Logic - Rapper - Quiz

Click here to take the quiz!

General Stats

  • This quiz has been taken 1,797 times
  • The average score is 9 of 15

Answer Stats

HintAnswer% Correct
Logic's Debut AlbumUnder Pressure
95%
The State Logic Is FromMaryland
92%
The Group He Is Apart OfRattpack
89%
Logics 2nd AlbumThe Incredible True Story
89%
Logic's Age When His Debut Album Dropped24
72%
Logic's NicknameYoung Sinatra
72%
Logics Wife's NameJess
66%
Logic's Female FanbaseBobby Soxers
63%
The High-School He AttendedGaithersburg High
53%
Logic's 3 Word MessagePeace, Love, and Positivity
53%
The Neighborhood Logic Is FromWest Deer Park
51%
Logic's Full NameSir Robert Bryson Hall II
48%
Logic's First MixtapePsychological
28%
Logic's 3rd AlbumAfricAryaN
21%
The Whole, Longer, Title of His Second AlbumThe Incredible True Story and Transformation of The Man Who Saved The World
14%

Score Distribution

Percentile by Number Answered

Percent of People with Each Score

Your Score History

You have not taken this quiz